El Pati : Centre d'Estudis i Recursos Culturals : programa de formació, 1986 Centre d'Estudis i Recursos Culturals :
Descripción Física:
40 f. : mecanografiats ; 30 cm
MARC
| LEADER | 00000nam a2200000Ia 4500 | ||
|---|---|---|---|
| 001 | 9818 | ||
| 008 | 160829s1986 xx 000 0 cat d | ||
| 080 | |a FU-24-13 | ||
| 245 | |a El Pati : |b Centre d'Estudis i Recursos Culturals : |b programa de formació, 1986 | ||
| 260 | |a Barcelona : |b Diputació de Barcelona. Servei de Cultura, |c 1986 | ||
| 300 | |a 40 f. : |b mecanografiats ; |c 30 cm | ||
| 610 | 1 | 0 | |a Barcelona (Catalunya : Província). |b Centre d'Estudis i Recursos Culturals |v Currículums |9 56366 |
| 710 | 1 | |a Barcelona (Catalunya : Província). |b Servei de Cultura |9 54401 | |
| 901 | |a Arxiu | ||
| 942 | |n 1 | ||
| 952 | |0 0 |1 0 |4 0 |6 FU2413 |7 1 |9 41900 |a Arxiu |b Arxiu |d 2016-12-01 |l 0 |o FU-24-13 |p 9818 |r 2016-12-01 00:00:00 |w 2016-12-01 |y ARXIU | ||
| 999 | |c 44347 |d 44347 | ||